<?xml version="1.0" encoding="UTF-8"?><?xml-stylesheet type="text/xsl" href="static/style.xsl"?><OAI-PMH xmlns="http://www.openarchives.org/OAI/2.0/" xmlns:xsi="http://www.w3.org/2001/XMLSchema-instance" xsi:schemaLocation="http://www.openarchives.org/OAI/2.0/ http://www.openarchives.org/OAI/2.0/OAI-PMH.xsd"><responseDate>2026-04-14T02:48:29Z</responseDate><request verb="GetRecord" identifier="oai:www.recercat.cat:10459.1/469791" metadataPrefix="marc">https://recercat.cat/oai/request</request><GetRecord><record><header><identifier>oai:recercat.cat:10459.1/469791</identifier><datestamp>2026-03-17T22:47:51Z</datestamp><setSpec>com_2072_3622</setSpec><setSpec>col_2072_478537</setSpec></header><metadata><record xmlns="http://www.loc.gov/MARC21/slim" xmlns:dcterms="http://purl.org/dc/terms/" xmlns:xsi="http://www.w3.org/2001/XMLSchema-instance" xmlns:doc="http://www.lyncode.com/xoai" xsi:schemaLocation="http://www.loc.gov/MARC21/slim http://www.loc.gov/standards/marcxml/schema/MARC21slim.xsd">
   <leader>00925njm 22002777a 4500</leader>
   <datafield ind2=" " ind1=" " tag="042">
      <subfield code="a">dc</subfield>
   </datafield>
   <datafield ind2=" " ind1=" " tag="720">
      <subfield code="a">Uali Boussouab, Amal</subfield>
      <subfield code="e">author</subfield>
   </datafield>
   <datafield ind2=" " ind1=" " tag="260">
      <subfield code="c">2025</subfield>
   </datafield>
   <datafield ind2=" " ind1=" " tag="520">
      <subfield code="a">Aquest Treball de Fi de Grau presenta Atay Maison, un projecte de packaging experiencial vinculat al te marroquí (Atay). El projecte parteix d’una reflexió sobre el packaging com a eina de comunicació cultural i com a mitjà per transmetre identitat i experiències sensorials més enllà de la seva funció comercial. La metodologia seguida combina recerca teòrica, anàlisi de referents i un procés de disseny basat en prototipatge, experimentació amb materials i coherència visual. Aquesta aproximació ha permès definir un producte que actua tant com a souvenir premium com a objecte de consum propi. El pack inclou tots els elements dissenyats de manera coherent: un got personalitzat amb
base en 3D que fa de posavasos, sobres dosificats d’atay, un tríptic amb targeta NFC que activa una pista musical, una estructura interior en 3D i una coberta que recull el producte amb acabats UVI. El disseny de la marca integra cal·ligrafia àrab al logotip i una paleta cromàtica detalladament pensada. Atay Maison mostra com el packaging pot ser una experiència cultural i sensorial, on la coherència visual i la qualitat dels materials potencien la connexió emocional, transformant un objecte quotidià en un vehicle de narrativa i identitat cultural.</subfield>
   </datafield>
   <datafield ind1="8" ind2=" " tag="024">
      <subfield code="a">https://hdl.handle.net/10459.1/469791</subfield>
   </datafield>
   <datafield tag="653" ind2=" " ind1=" ">
      <subfield code="a">Disseny gràfic</subfield>
   </datafield>
   <datafield tag="653" ind2=" " ind1=" ">
      <subfield code="a">Disseny experiencial</subfield>
   </datafield>
   <datafield tag="653" ind2=" " ind1=" ">
      <subfield code="a">Cultura</subfield>
   </datafield>
   <datafield tag="653" ind2=" " ind1=" ">
      <subfield code="a">Modelatge 3D</subfield>
   </datafield>
   <datafield tag="653" ind2=" " ind1=" ">
      <subfield code="a">Intel·ligència artificial</subfield>
   </datafield>
   <datafield ind2="0" ind1="0" tag="245">
      <subfield code="a">Quan el disseny esdevé experiència: Atay Maison i el relat del te marroquí</subfield>
   </datafield>
</record></metadata></record></GetRecord></OAI-PMH>